The synod of bishops of catholic oriental churches
Saved in:
| Main Author: | |
|---|---|
| Format: | Book |
| Language: | English |
| Published: |
Roma
Mar Thoma Yogam
1994
|
| Subjects: | |
| Tags: |
Add Tag
No Tags, Be the first to tag this record!
|
MARC
| LEADER | 00000nam a2200000 a 4500 | ||
|---|---|---|---|
| 001 | UCR7295 | ||
| 003 | CL-VaPUC | ||
| 008 | 980514e19940000IT |||||||||||||||||eng|d | ||
| 082 | 0 | 4 | |a 262.5 |b PAL |2 21 |
| 100 | 0 | |a Pallath, Paul |e author |9 408617 | |
| 245 | 1 | 4 | |a The synod of bishops of catholic oriental churches |
| 300 | |a 234 p | ||
| 942 | |c BK | ||
| 945 | |d 19980514 00:00:00 |a mvenant | ||
| 260 | |a Roma |b Mar Thoma Yogam |c 1994 | ||
| 650 | 0 | |a Iglesia católica oriental |9 408574 | |
| 650 | 7 | |a IGLESIA ORIENTAL |2 CL-VaPUC |9 408573 | |
| 650 | 0 | |a Sínodos |9 387791 | |
| 650 | 0 | |a Vida religiosa |9 257284 | |
| 650 | 7 | |a OBISPOS |2 CL-VaPUC |9 408618 | |
| 583 | |a last modification |c 19980514 00:00:00 |k Rodrigo Vera | ||
| 999 | |c 269028 |d 269026 | ||
| 952 | |0 0 |1 0 |4 0 |6 262_500000000000000_PAL_1994 |7 0 |8 A |9 302614 |a BIBDER |b BIBDER |d 2019-11-20 |i 3425177 |o 262.5 PAL 1994 |p 3425177 |r 2023-01-25 |w 2019-11-20 |y BK |k DER | ||